banner-ar

سوسيولوجيا القبيلة فى المغرب العربى/ (Record no. 66139)

MARC details
000 -الفاتح
حقل البيانات ثابتة الطول 00685nam a22001937a 4500
005 - وقت وتاريخ اخر تعامل مع التسجيلة
رقم الضبط 20240530110901.0
008 - عناصر البيانات ثابتة الطول - معلومات عامة
حقل البيانات ثابتة الطول 220214s2002 ua g 000 0 ara d
040 ## - مصدر الفهرسة
وكالة الفهرسة الأصلية EG-CaGPL
وكالة النسخ EG-CaGPL
082 04 - رقم تصنيف ديوى العشرى
رقم الطبعة 21
رقم التصنيف 307.7720964/
رقم المادة م س
100 1# - المدخل الرئيسى - إسم شخصى
الإسم الشخصى محمد نجيب بوطالب
245 12 - بيان العنوان
العنوان سوسيولوجيا القبيلة فى المغرب العربى/
بيان المسئوليه,etc محمد نجيب بوطالب
250 ## - بيان الطبعة
بيان الطبعة ط. 1
260 ## - PUBLICATION, DISTRIBUTION, ETC. (IMPRINT)
تاريخ النشر أو التوزيع 2002
300 ## - الوصف المادى
التعداد 186ص. ؛
أبعاد الوعاء 24سم
650 07 - المدخل الاضافى بالموضوع-مصطلح موضوعى
مصدر الرأس أو المصطلح qrmak
مصطلح موضوعي القبائل
651 ## - المدخل الاضافى بالموضوع - اسم جغرافى
مصدر الرأس أو المصطلح qrmak
الاسم الجغرافي المغرب العربى
942 ## - عناصر المدخل الإضافي( كوها)
مصدر التصنيف او مخطط الترفيف Dewey Decimal Classification
Koha [default] item type كتاب
260 ## - PUBLICATION, DISTRIBUTION, ETC. (IMPRINT)
-- بيروت :
-- مركز دراسات الوحدة العربية،
Holdings
حالة التراجع حالة الفقد حالة تلف ليس للاعارة المكان المؤقت الموقع الحالى موقع الترفيف تاريخ الاكتساب اجمالي اﻻعارات رقم الطلب الباركود تاريخ اخر مشاهدة تاريخ تفعيل السعر نوع وعاء كوها
        مكتبة القاهرة الكبرى مكتبة القاهرة الكبرى ق الرئيسية_العلوم الاجتماعية_ك عربى 02/14/2022   307.7720964/ م س 167378 02/14/2022 02/14/2022 كتاب

Powered By

EGPV